Im Zeichen des Äskulap, (Record no. 90744)

MARC details
000 -LEADER
fixed length control field 00808cam a22002411 4500
001 - CONTROL NUMBER
control field sg 46000122
003 - CONTROL NUMBER IDENTIFIER
control field DLC
005 - DATE AND TIME OF LATEST TRANSACTION
control field 20260227112748.0
008 - FIXED-LENGTH DATA ELEMENTS--GENERAL INFORMATION
fixed length control field 760825s1946 nyu b 000 0 ger c
010 ## - LIBRARY OF CONGRESS CONTROL NUMBER
LC control number sg 46000122
035 ## - SYSTEM CONTROL NUMBER
System control number (OCoLC)2394830
040 ## - CATALOGING SOURCE
Original cataloging agency U.S. Surg.-gen. Off. Libr.
Transcribing agency ArLUA
Modifying agency ArLUA
-- OCoLC
-- DLC
041 0# - LANGUAGE CODE
Language code of text/sound track or separate title gereng
042 ## - AUTHENTICATION CODE
Authentication code premarc
050 00 - LIBRARY OF CONGRESS CALL NUMBER
Classification number PF3127.M4
Item number K7
082 ## - DEWEY DECIMAL CLASSIFICATION NUMBER
Classification number 610.82
100 1# - MAIN ENTRY--PERSONAL NAME
Personal name Kremer, Edmund Philipp,
Relator term ed.
245 10 - TITLE STATEMENT
Title Im Zeichen des Äskulap,
Remainder of title ein Wissenschaftliches und Kulturelles Lesebuch für angehende studierende der Medizin,
Statement of responsibility, etc. herausgegeben von Edmund P. Kremer ...
260 ## - PUBLICATION, DISTRIBUTION, ETC.
Place of publication, distribution, etc. New York,
Name of publisher, distributor, etc. F. S. Crofts & Co.,
Date of publication, distribution, etc. 1946.
300 ## - PHYSICAL DESCRIPTION
Extent xiv, 206 p.
Dimensions 21 cm.
504 ## - BIBLIOGRAPHY, ETC. NOTE
Bibliography, etc. note Bibliographical foot-notes.
650 #0 - SUBJECT ADDED ENTRY--TOPICAL TERM
Topical term or geographic name entry element German language
General subdivision Readers
-- Medicine.

No items available.

Powered by Koha